Postavenie komunálnej ekonomiky vo výučbe verejnej správy

Význam lokálnej úrovne vo výučbe verejnej správy, ale aj ďalších vedných disciplín, ktorých predmet skúmania je viac alebo menej špecifikami lokálnej dimenzie determinovaný. Endogénna rozvojová stratégia. Úloha miestnych vlád v endogénnom, lokálne iniciovanom rozvoji. Miestny rozvoj v podmienkach SR...

ver descrição completa

Na minha lista:
Detalhes bibliográficos
Autor principal: Hamalová, Marta
Formato: Capítulo de Livro
Idioma:eslovaco
Assuntos:
Tags: Adicionar Tag
Sem tags, seja o primeiro a adicionar uma tag!

MARC

LEADER 00000naa$a2200000$$$4500
001 0085949
005 20221207083624.0
041 0 |a slo 
044 |a SK 
245 1 0 |a Postavenie komunálnej ekonomiky vo výučbe verejnej správy  |c Marta Hamalová 
520 |a Význam lokálnej úrovne vo výučbe verejnej správy, ale aj ďalších vedných disciplín, ktorých predmet skúmania je viac alebo menej špecifikami lokálnej dimenzie determinovaný. Endogénna rozvojová stratégia. Úloha miestnych vlád v endogénnom, lokálne iniciovanom rozvoji. Miestny rozvoj v podmienkach SR. Miestny rozvoj a sídelná štruktúra SR. 
610 2 0 |a samospráva 
610 2 0 |a vláda 
610 2 0 |a ekonomika komunálna 
610 2 0 |a zdroje ľudské 
100 1 |a Hamalová, Marta